Tiếng Việt 2

Thông qua những câu chuyện và hình ảnh sinh động Tiếng Việt 2 dạy các em học sinh tập đọc, kể chuyện, chính tả, luyện từ - câu và tập làm văn.

שמור ב:
מידע ביבליוגרפי
מחבר ראשי: Nguyễn, Minh Thuyết
פורמט: ספר
שפה:Undetermined
יצא לאור: Hà nội Giáo dục 2010
נושאים:
תגים: הוספת תג
אין תגיות, היה/י הראשונ/ה לתייג את הרשומה!
Thư viện lưu trữ: Trung tâm Học liệu Trường Đại học Cần Thơ
LEADER 00826nam a2200217Ia 4500
001 CTU_157964
008 210402s9999 xx 000 0 und d
020 |c 9600 
082 |a 372.6 
082 |b Th528/T.2/L.2 
100 |a Nguyễn, Minh Thuyết 
245 0 |a Tiếng Việt 2 
245 0 |c Nguyễn Minh Thuyết (chủ biên) 
260 |a Hà nội 
260 |b Giáo dục 
260 |c 2010 
520 |a Thông qua những câu chuyện và hình ảnh sinh động Tiếng Việt 2 dạy các em học sinh tập đọc, kể chuyện, chính tả, luyện từ - câu và tập làm văn. 
650 |a Vietnamese language 
650 |x Study and teaching (Elementary) 
904 |i Bạch Trúc 
980 |a Trung tâm Học liệu Trường Đại học Cần Thơ